| 000 | 00703nam a22001337a 4500 | ||
|---|---|---|---|
| 040 | _cRUA | ||
| 082 | _aVEM CHH 2015 B534 Or.1 | ||
| 100 | _aCHHOEM MARADY; ឈឹម ម៉ារ៉ាឌី | ||
| 245 | _aEffect of Levamisol and Ivomec-f on gastrointestinal parasites of Cattle under 3 year in Preykabas district, Takeo Province; ប្រសិទ្ទភាព Levamisol និង Ivomec-F លើបរាសិតក្រពះពោះវៀនគោអាយុក្រោម ៣ឆ្នាំ នៅស្រុកព្រៃកប្បាស ខេត្តតាកែវ | ||
| 260 |
_aPhnom Penh _bRUA _c2015 |
||
| 300 |
_ax; 39p; _bill; _c29cm; |
||
| 856 | _u CHHOEM MARADY | ||
| 942 | _cVEM | ||
| 999 |
_c10883 _d10883 |
||